000 00742cab a2200253 4500
001 ABS60531
008 090401t1999 xxu||||| |||| 00| 0 eng d
035 _a(Sirsi) u93000
041 _aeng
100 _aHevey, G.
245 _aDo business interests conflict with interest on late payments?
260 _c1999
350 _a0
490 _aBuilding Services & Environmental Engineer
_v22 (8) April 1999, 18(1)
650 _aCASHFLOW
650 _aHOUSING GRANTS CONSTRUCTION AND REGENERATION ACT 1996
650 _aINTEREST
650 _aLATE PAYMENT OF COMMERCIAL DEBTS (INTEREST) ACT 1998
650 _aLATE PAYMENT
650 _aSCHEME FOR CONSTRUCTION CONTRACTS
690 _aLAW
942 _n0
948 _c27/04/1999
999 _c58939
_d58939